Laws of the Republic of Uganda 2000 Vol. VI Chapters 115 - 142A / (Record no. 2325)
[ view plain ]
| 000 -LEADER | |
|---|---|
| fixed length control field | 01579cam a2200397 a 4500 |
| 001 - CONTROL NUMBER | |
| control field | 13929156 |
| 003 - CONTROL NUMBER IDENTIFIER | |
| control field | OSt |
| 005 - DATE AND TIME OF LATEST TRANSACTION | |
| control field | 20120210104351.0 |
| 008 - FIXED-LENGTH DATA ELEMENTS--GENERAL INFORMATION | |
| fixed length control field | 040401s2000 ug l 001 0 eng |
| 010 ## - LIBRARY OF CONGRESS CONTROL NUMBER | |
| LC control number | 2005327015 |
| 035 ## - SYSTEM CONTROL NUMBER | |
| System control number | (DLC) 2005327015 |
| 040 ## - CATALOGING SOURCE | |
| Original cataloging agency | DLC |
| Transcribing agency | DLC |
| Modifying agency | DLC |
| 042 ## - AUTHENTICATION CODE | |
| Authentication code | lcode |
| 043 ## - GEOGRAPHIC AREA CODE | |
| Geographic area code | f-ug--- |
| 050 00 - LIBRARY OF CONGRESS CALL NUMBER | |
| Classification number | KTW1.9 |
| Item number | 2000 |
| 082 00 - DEWEY DECIMAL CLASSIFICATION NUMBER | |
| Classification number | 348.6761 |
| Edition number | 22 |
| 110 1# - MAIN ENTRY--CORPORATE NAME | |
| Corporate name or jurisdiction name as entry element | Uganda. |
| 9 (RLIN) | 554 |
| 240 10 - UNIFORM TITLE | |
| Uniform title | <a href="Laws, etc. (Laws of the Republic of Uganda)">Laws, etc. (Laws of the Republic of Uganda)</a> |
| 245 10 - TITLE STATEMENT | |
| Title | Laws of the Republic of Uganda 2000 Vol. VI Chapters 115 - 142A / |
| 250 ## - EDITION STATEMENT | |
| Edition statement | Rev. ed. _ |
| 260 ## - PUBLICATION, DISTRIBUTION, ETC. (IMPRINT) | |
| Place of publication, distribution, etc | [Kampala? : |
| Name of publisher, distributor, etc | s.n.], |
| Date of publication, distribution, etc | 2000. |
| 300 ## - PHYSICAL DESCRIPTION | |
| Extent | 24 v. ; |
| Dimensions | 28 cm. |
| 500 ## - GENERAL NOTE | |
| General note | "Prepublication copy." |
| 500 ## - GENERAL NOTE | |
| General note | Includes index. |
| 650 #0 - SUBJECT ADDED ENTRY--TOPICAL TERM | |
| Topical term or geographic name as entry element | Law |
| Geographic subdivision | Uganda. |
| 9 (RLIN) | 5095 |
| 700 1# - ADDED ENTRY--PERSONAL NAME | |
| Personal name | Nsanze, Vastina Rukimirana. |
| 9 (RLIN) | 5082 |
| 700 1# - ADDED ENTRY--PERSONAL NAME | |
| Personal name | Bateson, Ann L. |
| 9 (RLIN) | 5083 |
| 906 ## - LOCAL DATA ELEMENT F, LDF (RLIN) | |
| a | 7 |
| b | cbc |
| c | origode |
| d | 2 |
| e | ncip |
| f | 20 |
| g | y-gencatlg |
| 942 ## - ADDED ENTRY ELEMENTS (KOHA) | |
| Source of classification or shelving scheme | Dewey Decimal Classification |
| Koha item type | Reference |
| Withdrawn status | Lost status | Source of classification or shelving scheme | Damaged status | Not for loan | Home library | Current library | Shelving location | Date acquired | Total Checkouts | Full call number | Barcode | Date last seen | Price effective from | Koha item type |
|---|---|---|---|---|---|---|---|---|---|---|---|---|---|---|
| Dewey Decimal Classification | Law Development Centre Main Library | Law Development Centre Main Library | Reference | 06/02/2011 | 348.6761 | 2011/1733 | 06/02/2011 | 06/02/2011 | Reference | |||||
| Dewey Decimal Classification | Law Development Centre Main Library | Law Development Centre Main Library | Reference | 06/02/2011 | 348.6761 | 2011/1734 | 06/02/2011 | 06/02/2011 | Reference | |||||
| Dewey Decimal Classification | Law Development Centre Main Library | Law Development Centre Main Library | Reference | 06/02/2011 | 348.6761 | 2011/1735 | 06/02/2011 | 06/02/2011 | Reference | |||||
| Dewey Decimal Classification | Law Development Centre Main Library | Law Development Centre Main Library | Reference | 06/02/2011 | 348.6761 | 2011/1736 | 06/02/2011 | 06/02/2011 | Reference | |||||
| Dewey Decimal Classification | Law Development Centre Main Library | Law Development Centre Main Library | Reference | 06/02/2011 | 348.6761 | 2011/1737 | 02/10/2012 | 06/02/2011 | Reference |
